00661nam a2200193Ia 4500008004100000100001900041245009800060260001100158300002100169440004800190521001000238650003200248650002900280650001900309650002900328942000700357999001900364952008400383140626s9999 xx 000 0 und d aRodgers, Todd. 4aThe Artful dodger :banswering the wrong question the right way /cTodd Rodgers ... [et al.]. cc2011. a17 : 2, page 139 aJournal of Experimental Psycholgy : Applied aPSYCH aConversational implicature. aGoal-directed attention. aGricean norms. aInattentional blindness. cSE c121312d121312 001040aCLbCLcPERd2014-06-26l0pS0420r2014-06-26 00:00:00w2014-06-26ySE